000 00829nam a2200253 i 4500
001 C2-0288183
003 PPAK
005 20180728021334.0
008 080421s2006 njua|||| ||||| | eng d
020 _a9780471916963
040 _aPPAK
_beng
_cPPAK
_erda
082 0 4 _a368.0092
_223
090 0 0 _a368.0092
_bSHE
_dRLCK
100 1 _aShelp, Ronald Kent.,
_eauthor
245 1 0 _aFallen giant :
_bthe amazing story of hank greenberg and the history of AIG
264 1 _aNew Jersey :
_bJohn Wiley & Sons, Inc. ,
_c2006
300 _axi, 228 pages :
_billustrations ;
_c24 cm
336 _2rdacontent
_atext
337 _2rdamedia
_aunmediated
338 _2rdacarrier
_avolume
650 1 0 _aBusinesspeople - United States - Biography ; Insurance executives - United States - Biography
700 _eauthor
942 _ddc
_cB
999 _c93816
_d93816